[Event "Portoroz op 10th"]
[Site "Portoroz"]
[Date "2016.07.24"]
[Round "2"]
[White "Berkemer, Rainer"]
[Black "Petauer, Ana Marija"]
[Result "1/2-1/2"]
[WhiteElo "1895"]
[BlackElo "1492"]
[PlyCount "63"]
[EventDate "2016.07.23"]
[EventType "swiss"]
[EventRounds "9"]
[EventCountry "SLO"]
[SourceTitle "CBM 173 Extra"]
[Source "ChessBase"]
[SourceDate "2016.08.29"]
[SourceVersion "1"]
[SourceVersionDate "2016.08.29"]
[SourceQuality "1"]

1. a3 e5 2. d4 exd4 3. Qxd4 Nc6 4. Qd3 Nf6 5. Nf3 Be7 6. Nc3 h6 7. h3 0-0 8. Bf4 d5 9. Nb5 Ne8 10. 0-0-0 Be6 11. e4 dxe4 12. Qxe4 Qc8 13. Nfd4 Nxd4 14. Qxd4 a6 15. Nc3 Nd6 16. Nd5 Bxd5 17. Qxd5 Rd8 18. Bd3 Qe6 19. Qxe6 fxe6 20. Bg6 Rf8 21. Bg3 Rad8 22. Rde1 Rf6 23. Bd3 c6 24. f3 Rd7 25. Re2 Nf5 26. Be5 Rf7 27. Rhe1 Bh4 28. Bxf5 exf5 29. g3 Bf6 30. f4 Bxe5 31. Rxe5 g6 32. h4 1/2-1/2

[Event "Portoroz op 10th"]
[Site "Portoroz"]
[Date "2016.07.23"]
[Round "1"]
[White "Sielecki, Christof"]
[Black "Berkemer, Rainer"]
[Result "1-0"]
[WhiteElo "2444"]
[BlackElo "1895"]
[PlyCount "59"]
[EventDate "2016.07.23"]
[EventType "swiss"]
[EventRounds "9"]
[EventCountry "SLO"]
[SourceTitle "CBM 173 Extra"]
[Source "ChessBase"]
[SourceDate "2016.08.29"]
[SourceVersion "1"]
[SourceVersionDate "2016.08.29"]
[SourceQuality "1"]

1. Nf3 d5 2. g3 c5 3. Bg2 Nc6 4. d4 Bf5 5. 0-0 e6 6. c4 Nxd4 7. Nxd4 cxd4 8. cxd5 e5 9. e3 Bc5 10. exd4 Bxd4 11. Nd2 Ne7 12. Nb3 Bb6 13. d6 Nc6 14. a4 Rc8 15. a5 Bd4 16. Bxc6+ Rxc6 17. Nxd4 Rxd6 18. Qe2 Rxd4 19. Qxe5+ Be6 20. Qxg7 Qd5 21. Qxh8+ Kd7 22. Bg5 Kc6 23. Rfc1+ Kb5 24. Qe8+ Ka6 25. b4 Bd7 26. Qe7 Bc6 27. Rxc6+ bxc6 28. Qe2+ Kb7 29. a6+ Kb6 30. Be3 1-0

[Event "Staufer op 11th"]
[Site "Schwaebisch Gmuend"]
[Date "1999.??.??"]
[Round "1"]
[White "Berkemer, Rainer"]
[Black "Zeller, Frank"]
[Result "0-1"]
[WhiteElo "1813"]
[BlackElo "2445"]
[PlyCount "52"]
[EventDate "1999.01.02"]
[EventType "swiss"]
[EventRounds "9"]
[EventCountry "GER"]
[SourceTitle "CBM 068 Extra"]
[Source "ChessBase"]
[SourceDate "1999.03.01"]
[SourceVersion "1"]
[SourceVersionDate "1999.03.01"]
[SourceQuality "1"]

1. d4 Nf6 2. Nf3 e6 3. c4 b6 4. g3 Ba6 5. Qc2 c5 6. Bg2 Nc6 7. a3 cxd4 8. 0-0 Rc8 9. Qa4 Bb7 10. Nxd4 Nxd4 11. Bxb7 Nxe2+ 12. Kg2 Rc7 13. Qxa7 Bc5 14. b4 Bd4 15. Ra2 Nxc1 16. Rxc1 0-0 17. Qa6 d5 18. Rd1 Rxc4 19. Rad2 e5 20. f4 Ng4 21. Kf3 Ne3 22. Re1 exf4 23. gxf4 Qh4 24. Bxd5 Qg4+ 25. Ke4 Re8+ 26. Kd3 Qf5+ 0-1